000 00284nam a2200109Ia 4500
008 200302s9999 xx 000 0 und d
100 _aBanwari Lal and Others
245 _aWealth from Waste 3rd ed.,
260 _bThe Energy and Resources Institute
260 _c2011
300 _a457 P.,
999 _c5758
_d5758